banner-ar

الدور السياسى والحضارى للنساء خلال العصر الاسلامى/ (Record no. 67055)

MARC details
000 -الفاتح
حقل البيانات ثابتة الطول 01141nam a2200253 4500
005 - وقت وتاريخ اخر تعامل مع التسجيلة
رقم الضبط 20240530110954.0
008 - عناصر البيانات ثابتة الطول - معلومات عامة
حقل البيانات ثابتة الطول 221221s2022 ua g b 000 0 ara d
017 ## - رقم الايداع القانونى
رقم الايداع القانونى 8044
المصدر ( الهيئة المختصة) مصر. دار الكتب
020 ## - الرقم الدولى المعيارى للكتب
الرقم الدولى المعيارى للكتاب 9789777333702
040 ## - مصدر الفهرسة
وكالة الفهرسة الأصلية EG-CaGPL
وكالة النسخ EG-CaGPL
082 04 - رقم تصنيف ديوى العشرى
رقم الطبعة 21
رقم التصنيف 210.4
رقم المادة إ د
100 0# - المدخل الرئيسى - إسم شخصى
الإسم الشخصى ابراهيم محمد على مرجونة
245 12 - بيان العنوان
العنوان الدور السياسى والحضارى للنساء خلال العصر الاسلامى/
بيان المسئوليه,etc تاليف ابراهيم محمد على مرجونة، تيسير محمد محمد شادى
260 ## - PUBLICATION, DISTRIBUTION, ETC. (IMPRINT)
تاريخ النشر أو التوزيع 2022.
300 ## - الوصف المادى
التعداد 201 ص. ؛
أبعاد الوعاء 24 سم.
504 ## - تبصرة ببليوجرافية
تبصرة ببليوجرافية,الخ يشتمل على ارجاعات ببليوجرافية
650 07 - المدخل الاضافى بالموضوع-مصطلح موضوعى
مصدر الرأس أو المصطلح qrmak
مصطلح موضوعي المرأة المسلمة
650 07 - المدخل الاضافى بالموضوع-مصطلح موضوعى
مصدر الرأس أو المصطلح qrmak
مصطلح موضوعي المرأة فى السياسة
650 07 - المدخل الاضافى بالموضوع-مصطلح موضوعى
مصدر الرأس أو المصطلح qrmak
مصطلح موضوعي المرأة فى الاسلام
653 0# - مصطلح تكشيفى غير مقيد
مصطلح غير مقيد المرأة فى السياسة - العصر الاسلامى
700 0# - المدخل الاضافى - اسم شخصى
الإسم الشخصى تيسير محمد محمد شادى
الدور مؤلف مشارك
942 ## - عناصر المدخل الإضافي( كوها)
مصدر التصنيف او مخطط الترفيف Dewey Decimal Classification
Koha [default] item type كتاب
260 ## - PUBLICATION, DISTRIBUTION, ETC. (IMPRINT)
-- الاسكندرية :
-- دار التعليم الجامعى،
Holdings
حالة التراجع حالة الفقد حالة تلف ليس للاعارة المكان المؤقت الموقع الحالى موقع الترفيف تاريخ الاكتساب اجمالي اﻻعارات رقم الطلب الباركود تاريخ اخر مشاهدة تاريخ تفعيل السعر نوع وعاء كوها
        مكتبة القاهرة الكبرى مكتبة القاهرة الكبرى ق الرئيسية_الديانات_ك عربى 12/21/2022   210.4 إ د 169080 12/21/2022 12/21/2022 كتاب

Powered By

EGPV